000 00688nam a2200289Ia 4500
005 20260324134100.0
008 008 260324s9999 xx 000 0 eng d
020 _a9780429500640
037 _aEBOOK
040 _aCRL
040 _beng
040 _cCRL
041 _2eng
041 _aeng
084 _qCRL
100 _aPeter Cookson
_91195501
245 0 _aExpect Miracles
245 0 _bCharter Schools And The Politics Of Hope And Despair
260 _bTaylor and Francis
260 _c2002
365 _a
365 _b59.99
856 _uhttp://www.taylorfrancis.com/books/9780429500640
942 _cEBOOK
999 _c1795195
_d1795195